[Event "XXII Festival Conca della Presolana Magistrale"]
[Site "Bratto - Castione della Presolana ITA"]
[Date "2002.08.26"]
[Round "7"]
[White "Rosin, Federico"]
[Black "Capece, Adolivio"]
[Result "1-0"]
[WhiteElo "2127"]
[BlackElo "2067"]
[PlyCount "89"]
[EventDate "2002.08.20"]

1.d4 Nf6 2.c4 c5 3.d5 b5 4.cxb5 e6 5.Nc3 exd5 6.Nxd5 Bb7 7.Nxf6+ Qxf6 8.
Nf3 d5 9.g3 Bd6 10.Bg2 Nd7 11.O-O h6 12.e4 d4 13.Nh4 O-O-O 14.f4 Bc7 15.e5
Qb6 16.Nf5 Bxg2 17.Kxg2 Qxb5 18.Qf3 Nb6 19.a4 Qd7 20.Nxg7 Nd5 21.Nh5 Rhe8 
22.Bd2 Re6 23.Rac1 Rc6 24.Rc4 a5 25.Nf6 Nxf6 26.exf6 Qd5 27.Rfc1 Bb6 28.b4
axb4 29.Bxb4 Qxf3+ 30.Kxf3 Rxf6 31.a5 Ba7 32.Bxc5 Bxc5 33.Rxc5+ Kb8 34.Rc6
Rxc6 35.Rxc6 d3 36.Rc1 Ka7 37.Ke3 Ka6 38.Rd1 Kxa5 39.Rxd3 Re8+ 40.Kf3 Kb5 
41.Rd6 Rh8 42.Rf6 Rh7 43.Kg4 h5+ 44.Kh4 Kc5 45.Rf5+ 1-0

[Event "XXII Festival Conca della Presolana Magistrale"]
[Site "Bratto - Castione della Presolana ITA"]
[Date "2002.08.26"]
[Round "7"]
[White "Schuurman, Petra"]
[Black "Grooten, Herman"]
[Result "1/2-1/2"]
[WhiteElo "2272"]
[BlackElo "2375"]
[PlyCount "22"]
[EventDate "2002.08.20"]

1.d4 Nf6 2.c4 e6 3.Nf3 b6 4.g3 Ba6 5.Qc2 Bb7 6.Nc3 Bb4 7.Bg2 Be4 8.Qb3 
Bxc3+ 9.Qxc3 O-O 10.O-O d5 11.Nh4 dxc4 1/2-1/2

[Event "XXII Festival Conca della Presolana Magistrale"]
[Site "Bratto - Castione della Presolana ITA"]
[Date "2002.08.26"]
[Round "7"]
[White "Scotti, Umberto"]
[Black "Bonanno, Alessandro"]
[Result "1-0"]
[WhiteElo "2166"]
[BlackElo "2094"]
[PlyCount "89"]
[EventDate "2002.08.20"]

1.d4 Nf6 2.Nc3 d5 3.Bg5 g6 4.Bxf6 exf6 5.g3 Bg7 6.Bg2 c6 7.e3 O-O 8.Nge2 
Bg4 9.O-O Re8 10.Qd2 Nd7 11.Nf4 Nb6 12.b3 Qc7 13.Nce2 Rad8 14.Rac1 Bf8 15.
c4 Ba3 16.Rc2 Bf5 17.c5 Nc8 18.Nd3 a5 19.Nc3 Bb4 20.Rcc1 Ba3 21.Rcd1 Na7 
22.Nb1 Nb5 23.Nxa3 Nxa3 24.Nb2 b6 25.cxb6 Qxb6 26.Na4 Qb4 27.Qxb4 axb4 28.
Rc1 Rd6 29.Rfd1 Ra8 30.Bf1 Kf8 31.Rc5 Ke7 32.Bd3 Bxd3 33.Rxd3 Nb5 34.Rd1 
Nc3 35.Nxc3 bxc3 36.a4 Kd7 37.Rc1 Re6 38.R1xc3 Ra6 39.Kf1 Re8 40.Ke2 Rb8 
41.Kd3 Rab6 42.Kc2 f5 43.Kb2 Rb4 44.Rxc6 Rxa4 45.Rc7+ 1-0

[Event "XXII Festival Conca della Presolana Magistrale"]
[Site "Bratto - Castione della Presolana ITA"]
[Date "2002.08.26"]
[Round "7"]
[White "Sedina, Elena"]
[Black "Brancaleoni, Maurizio"]
[Result "1-0"]
[WhiteElo "2416"]
[BlackElo "2249"]
[PlyCount "63"]
[EventDate "2002.08.20"]

1.e4 c6 2.c4 d5 3.exd5 Nf6 4.Nc3 cxd5 5.cxd5 Nxd5 6.Nf3 Nxc3 7.bxc3 g6 8.
d4 Bg7 9.Bd3 O-O 10.O-O Nc6 11.Re1 Qa5 12.Bd2 e5 13.Be4 exd4 14.cxd4 Qd8 
15.d5 Ne7 16.Bg5 h6 17.Bh4 Qd7 18.Rc1 Nf5 19.Bxf5 Qxf5 20.Rc7 g5 21.Bg3 
Rd8 22.d6 Be6 23.Nd4 Bxd4 24.Qxd4 Bxa2 25.h4 Be6 26.hxg5 hxg5 27.Rc5 Qg6 
28.Qe3 Kf8 29.Rxg5 Qh7 30.Qe5 b5 31.Rh5 f6 32.Qxf6+ 1-0

[Event "XXII Festival Conca della Presolana Magistrale"]
[Site "Bratto - Castione della Presolana ITA"]
[Date "2002.08.26"]
[Round "7"]
[White "Temi, Walter"]
[Black "Rebeggiani, Andrea"]
[Result "1-0"]
[WhiteElo "2073"]
[BlackElo "2003"]
[PlyCount "59"]
[EventDate "2002.08.20"]

1.e4 e5 2.Nf3 Nc6 3.Nc3 Nf6 4.Bb5 Bb4 5.O-O O-O 6.d3 d6 7.Bg5 Bxc3 8.bxc3 
Qe7 9.Re1 Nd8 10.d4 Ne6 11.Bc1 c6 12.Bf1 Qc7 13.g3 Re8 14.Bg2 Nf8 15.Nh4 
c5 16.d5 Ng6 17.Nf5 Bxf5 18.exf5 Ne7 19.Bg5 Nd7 20.Qg4 Kh8 21.c4 f6 22.Bd2
Rg8 23.Bh3 Nf8 24.Rab1 Qd7 25.Rb3 b6 26.f4 g6 27.Qh4 Kg7 28.fxe5 dxe5 29.
fxg6 Nfxg6 30.Qh6+ 1-0

[Event "XXII Festival Conca della Presolana Magistrale"]
[Site "Bratto - Castione della Presolana ITA"]
[Date "2002.08.26"]
[Round "7"]
[White "Trabert, Bettina"]
[Black "Cugini, Verter"]
[Result "1-0"]
[WhiteElo "2320"]
[BlackElo "2231"]
[PlyCount "49"]
[EventDate "2002.08.20"]

1.e4 e6 2.d4 d5 3.Nd2 Nf6 4.e5 Ne4 5.Nxe4 dxe4 6.Bc4 a6 7.a4 b6 8.Nh3 Bb7 
9.Nf4 Nc6 10.Be3 Nb4 11.O-O Qd7 12.Qe2 g6 13.c3 Nd5 14.Nxd5 exd5 15.Bb3 
Bg7 16.f3 exf3 17.Rxf3 O-O 18.Raf1 a5 19.Qd2 Rae8 20.Bh6 Re6 21.Bxg7 Kxg7 
22.Rf6 h6 23.R1f3 Bc8 24.Bc2 Ree8 25.Rg3 1-0

[Event "XXII Festival Conca della Presolana Magistrale"]
[Site "Bratto - Castione della Presolana ITA"]
[Date "2002.08.27"]
[Round "8"]
[White "Aglietti, Graziano"]
[Black "Mazzariol, Oscar"]
[Result "0-1"]
[WhiteElo "2069"]
[BlackElo "2151"]
[PlyCount "80"]
[EventDate "2002.08.20"]

1.e4 g6 2.d4 Bg7 3.Nf3 c6 4.Nc3 d6 5.h3 Nd7 6.Be2 Qc7 7.Be3 Ngf6 8.Qd2 b5 
9.a3 Bb7 10.Bh6 O-O 11.Bxg7 Kxg7 12.O-O e5 13.d5 Nc5 14.Ng5 cxd5 15.exd5 
a6 16.f4 e4 17.Qd4 Rfe8 18.f5 Re5 19.fxg6 hxg6 20.b4 Ncd7 21.Ncxe4 Bxd5 
22.Bd3 Qc6 23.Nxf6 Nxf6 24.Nf3 Bxf3 25.Rxf3 Qd5 26.Qxd5 Nxd5 27.Raf1 f5 
28.c4 Ne3 29.Rc1 bxc4 30.Kf2 f4 31.Bxc4 Rc8 32.Rxf4 d5 33.Re1 Rxc4 34.Rxc4
Nxc4 35.Rxe5 Nxe5 36.a4 Nd3+ 37.Ke3 Nxb4 38.Kd4 a5 39.Kc5 Kf6 40.Kb5 d4 
0-1

[Event "XXII Festival Conca della Presolana Magistrale"]
[Site "Bratto - Castione della Presolana ITA"]
[Date "2002.08.27"]
[Round "8"]
[White "Agnelli, Francesco"]
[Black "Podini, Francesco"]
[Result "0-1"]
[WhiteElo "2146"]
[BlackElo "2054"]
[PlyCount "80"]
[EventDate "2002.08.20"]

1.e4 c5 2.Nf3 e6 3.d4 cxd4 4.Nxd4 Nf6 5.Nc3 d6 6.Be3 Be7 7.f3 Nc6 8.Qd2 
O-O 9.g4 a6 10.O-O-O Nxd4 11.Bxd4 b5 12.g5 Nd7 13.h4 Bb7 14.Kb1 Rc8 15.Rg1
Ne5 16.Qf2 Nc4 17.Bh3 b4 18.Na4 Rc6 19.Bf1 Qa5 20.Bxc4 Rxc4 21.b3 Rc6 22.
Rd2 e5 23.Bb2 Bc8 24.f4 exf4 25.Rd5 Qd8 26.Qd4 f6 27.Qxb4 Be6 28.Qd4 Rf7 
29.c4 fxg5 30.hxg5 f3 31.Nc3 f2 32.Rf1 Qf8 33.Ra5 Bh3 34.Nd5 Bxf1 35.Nxe7+
Qxe7 36.Rf5 Bh3 37.Rxf2 Rxf2 38.Qd5+ Be6 39.Qxc6 Rf1+ 40.Kc2 Rf2+ 0-1

[Event "XXII Festival Conca della Presolana Magistrale"]
[Site "Bratto - Castione della Presolana ITA"]
[Date "2002.08.27"]
[Round "8"]
[White "Barlocco, Carlo"]
[Black "Astengo, Corrado"]
[Result "0-1"]
[WhiteElo "2136"]
[BlackElo "2195"]
[PlyCount "80"]
[EventDate "2002.08.20"]

1.d4 d5 2.c4 c6 3.Nf3 Nf6 4.Nc3 dxc4 5.a4 Bf5 6.e3 e6 7.Bxc4 Bb4 8.O-O O-O
9.Qe2 Bg6 10.Ne5 Nbd7 11.Nxg6 hxg6 12.Rd1 Qa5 13.Bd2 Nb6 14.Bb3 e5 15.dxe5
Qxe5 16.Qf3 Rad8 17.Be1 a5 18.Qg3 Qxg3 19.hxg3 Nbd7 20.Kf1 Nc5 21.Bc2 Rfe8
22.Ke2 Ng4 23.Rxd8 Rxd8 24.f3 Ne5 25.e4 Ne6 26.Rd1 Nd4+ 27.Kf1 Rd6 28.Bb1 
Nc4 29.Bf2 c5 30.Bxd4 cxd4 31.Nd5 Nxb2 32.Rxd4 Nxa4 33.Rc4 Rc6 34.Ba2 Nb2 
35.Rxc6 bxc6 36.Nb6 a4 37.Ke2 a3 38.Nc4 Na4 39.Kd3 Nc3 40.Nxa3 Nxa2 0-1

[Event "XXII Festival Conca della Presolana Magistrale"]
[Site "Bratto - Castione della Presolana ITA"]
[Date "2002.08.27"]
[Round "8"]
[White "Benincasa, Marco"]
[Black "Astengo, Marcello"]
[Result "0-1"]
[WhiteElo "2030"]
[BlackElo "2124"]
[PlyCount "54"]
[EventDate "2002.08.20"]

1.e4 e6 2.d4 d5 3.Nc3 Nf6 4.Bg5 Bb4 5.e5 h6 6.Bd2 Bxc3 7.bxc3 Ne4 8.Qg4 
Kf8 9.Bd3 Nxd2 10.Kxd2 c5 11.h4 Nc6 12.Ne2 c4 13.Bg6 fxg6 14.Nf4 Ne7 15.
Rab1 b6 16.Rh3 Qe8 17.Rg3 Kg8 18.Rh1 h5 19.Qg5 Rh6 20.Rgh3 Qf7 21.Rf3 Nf5 
22.g4 hxg4 23.Qxg4 Bd7 24.h5 gxh5 25.Nxh5 Qg6 26.Qh3 Kf7 27.Rh2 Rah8 0-1

[Event "XXII Festival Conca della Presolana Magistrale"]
[Site "Bratto - Castione della Presolana ITA"]
[Date "2002.08.27"]
[Round "8"]
[White "Bonanno, Alessandro"]
[Black "Mascheroni, Maurizio"]
[Result "1-0"]
[WhiteElo "2094"]
[BlackElo "2068"]
[PlyCount "103"]
[EventDate "2002.08.20"]

1.e4 d6 2.d4 Nf6 3.Nc3 g6 4.f4 Bg7 5.Nf3 c5 6.Bb5+ Bd7 7.e5 Ng4 8.e6 Bxb5 
9.exf7+ Kd7 10.Nxb5 Qa5+ 11.Nc3 cxd4 12.Nxd4 Bxd4 13.Qxd4 Nc6 14.Qc4 Rhf8 
15.Bd2 Qf5 16.h3 Nf6 17.O-O-O Qe6 18.Qb5 Kc7 19.Rhe1 Qxf7 20.Be3 Rac8 21.
Kb1 Kb8 22.g4 a6 23.Qa4 Nd7 24.Nd5 e6 25.Nb4 Nc5 26.Bxc5 dxc5 27.Nd3 Qe7 
28.Qe4 c4 29.Qxc4 Ne5 30.Qe4 Nxd3 31.Rxd3 Rcd8 32.Rxd8+ Rxd8 33.Kc1 Qd7 
34.Qe5+ Ka8 35.Qe3 Qa4 36.a3 Qc4 37.Kb1 Rc8 38.Re2 Rf8 39.Rf2 Rc8 40.Re2 
Rd8 41.b3 Qd5 42.Kb2 Rc8 43.Qxe6 Qd4+ 44.Ka2 Rc3 45.Qe8+ Ka7 46.Qe5 Qd1 
47.Kb2 Rc8 48.Qe3+ Ka8 49.Rd2 Qh1 50.Qe6 Rb8 51.Rd3 Qf1 52.f5 1-0

[Event "XXII Festival Conca della Presolana Magistrale"]
[Site "Bratto - Castione della Presolana ITA"]
[Date "2002.08.27"]
[Round "8"]
[White "Borgo, Giulio"]
[Black "Trabert, Bettina"]
[Result "1-0"]
[WhiteElo "2420"]
[BlackElo "2320"]
[PlyCount "73"]
[EventDate "2002.08.20"]

1.e4 e5 2.Nf3 Nc6 3.Bb5 a6 4.Ba4 Nf6 5.O-O Be7 6.Bxc6 dxc6 7.d3 Nd7 8.Nbd2
O-O 9.Kh1 Re8 10.Nc4 Bf6 11.b3 Nf8 12.Bb2 Ng6 13.h3 b5 14.Ne3 Nf4 15.h4 
Qd7 16.Nh2 Bxh4 17.g3 Bg5 18.gxf4 Bxf4 19.Qf3 Qd6 20.Ng2 Bxh2 21.Kxh2 Re6 
22.Rh1 Rf6 23.Qg3 Rh6+ 24.Kg1 Rxh1+ 25.Kxh1 f6 26.Ne3 Be6 27.Rg1 Qd7 28.f4
exf4 29.Qxf4 Kf8 30.Qh4 h6 31.Bxf6 gxf6 32.Qxh6+ Ke7 33.Rg7+ Bf7 34.Nf5+ 
Ke6 35.Qh3 Ke5 36.d4+ Kxe4 37.Ng3+ 1-0

[Event "XXII Festival Conca della Presolana Magistrale"]
[Site "Bratto - Castione della Presolana ITA"]
[Date "2002.08.27"]
[Round "8"]
[White "Bresciani, Nicola"]
[Black "Menoni, Vincenzo"]
[Result "1/2-1/2"]
[WhiteElo "2270"]
[BlackElo "2228"]
[PlyCount "54"]
[EventDate "2002.08.20"]

1.e4 e5 2.Nf3 Nc6 3.Bb5 a6 4.Ba4 Nf6 5.O-O b5 6.Bb3 Bb7 7.Re1 Bc5 8.c3 d6 
9.d4 Bb6 10.Be3 h6 11.d5 Ne7 12.Bxb6 cxb6 13.Nbd2 O-O 14.c4 bxc4 15.Bxc4 
Ng6 16.g3 b5 17.Bf1 Qb6 18.Qe2 Bc8 19.Qe3 Qxe3 20.fxe3 Bd7 21.h3 Rfc8 22.
Rac1 Kf8 23.Kg2 Ne7 24.Bd3 Rxc1 25.Rxc1 Rc8 26.Rxc8+ Nxc8 27.Ne1 Nb6 
1/2-1/2

[Event "XXII Festival Conca della Presolana Magistrale"]
[Site "Bratto - Castione della Presolana ITA"]
[Date "2002.08.27"]
[Round "8"]
[White "Cacco, Christian"]
[Black "Berni, Fabrizio"]
[Result "1-0"]
[WhiteElo "2248"]
[BlackElo "2116"]
[PlyCount "132"]
[EventDate "2002.08.20"]

1.d4 Nf6 2.Nf3 g6 3.g3 Bg7 4.Bg2 O-O 5.O-O d5 6.Re1 c6 7.Nc3 Bf5 8.Nh4 Bd7
9.e4 dxe4 10.Nxe4 Nxe4 11.Rxe4 Be6 12.c3 Bd5 13.Re1 Bxg2 14.Nxg2 e6 15.Bf4
Nd7 16.Re2 Qa5 17.Ne3 Rfd8 18.Qb3 b6 19.Rae1 Nf6 20.Be5 Rac8 21.Nc4 Qd5 
22.Nd2 Qxb3 23.axb3 Nd5 24.Bxg7 Kxg7 25.b4 Rd7 26.Nb3 Rb7 27.Ra1 Kf8 28.
Ra6 Ke7 29.Nc1 Rd8 30.Nd3 Kf8 31.Ra2 Rc7 32.Re1 Rdd7 33.Kf1 Rb7 34.Ke2 Ke8
35.Kd2 Kd8 36.Rea1 Kc8 37.Ne5 Rd6 38.Nc4 Rdd7 39.Kc2 Rbc7 40.Ne5 Re7 41.
Nd3 Kb8 42.Re1 Re8 43.Raa1 Kb7 44.Re2 Kc8 45.Rae1 Kd7 46.Re5 Ra8 47.h3 
Rcc8 48.g4 Rh8 49.R5e4 Kc7 50.Re5 Rag8 51.c4 Nf6 52.R5e3 Rf8 53.Ne5 Nd7 
54.Nxd7 Kxd7 55.Ra1 Ra8 56.Rea3 a5 57.bxa5 b5 58.Rb3 Rhb8 59.Kc3 Kd6 60.
cxb5 cxb5 61.Kb4 Kd5 62.Rc1 Kxd4 63.Rc7 f5 64.Rxh7 Ra6 65.Rd7+ Ke5 66.Rc3 
fxg4 1-0

[Event "XXII Festival Conca della Presolana Magistrale"]
[Site "Bratto - Castione della Presolana ITA"]
[Date "2002.08.27"]
[Round "8"]
[White "Campini, Marco"]
[Black "Marinelli, Gian Marco"]
[Result "1-0"]
[WhiteElo "2169"]
[BlackElo "2060"]
[PlyCount "95"]
[EventDate "2002.08.20"]

1.e4 c5 2.Nf3 Nc6 3.Nc3 Nf6 4.d4 cxd4 5.Nxd4 e5 6.Nxc6 bxc6 7.Bg5 Bb4 8.
Qf3 O-O 9.Bc4 d6 10.O-O Be6 11.Bb3 h6 12.Bh4 g5 13.Bg3 Bg4 14.Qd3 Bh5 15.
f3 Bg6 16.Rad1 Nh5 17.Bf2 d5 18.Qa6 d4 19.Qxc6 Nf4 20.Nd5 Rc8 21.Qa6 Nxd5 
22.Bxd5 Qb6 23.Qe2 Kg7 24.c3 Bc5 25.b4 Bd6 26.cxd4 Qxb4 27.Qa6 Qb6 28.Qxb6
axb6 29.dxe5 Bc5 30.e6 fxe6 31.Bxe6 Ra8 32.Bxc5 bxc5 33.Rd7+ Kf6 34.Bd5 
Ra5 35.Rd6+ Kg7 36.Rb1 Ra7 37.Rdb6 Rc8 38.Rb7+ Rxb7 39.Rxb7+ Kf8 40.Kf2 c4
41.Ke2 c3 42.Kd1 Be8 43.Rb4 Bf7 44.Bxf7 Kxf7 45.Kc2 Ra8 46.a4 Rc8 47.a5 
Rc5 48.Ra4 1-0

[Event "XXII Festival Conca della Presolana Magistrale"]
[Site "Bratto - Castione della Presolana ITA"]
[Date "2002.08.27"]
[Round "8"]
[White "Capece, Adolivio"]
[Black "Bellincampi, Stefano"]
[Result "1-0"]
[WhiteElo "2067"]
[BlackElo "2082"]
[PlyCount "81"]
[EventDate "2002.08.20"]

1.c4 e6 2.g3 Nf6 3.Bg2 d5 4.Nc3 Be7 5.d4 O-O 6.Nf3 c6 7.O-O Nbd7 8.cxd5 
exd5 9.Bf4 Re8 10.Rc1 Nf8 11.Qc2 Ng6 12.Bg5 h6 13.Bxf6 Bxf6 14.Rcd1 Be6 
15.e4 dxe4 16.Nxe4 Bd5 17.Rfe1 Be7 18.Nc3 Be6 19.Rxe6 fxe6 20.Qxg6 Bb4 21.
Ne5 Qf6 22.Qxf6 gxf6 23.Nxc6 Bxc3 24.bxc3 Rac8 25.Nxa7 Rxc3 26.Nb5 Rc2 27.
Nd6 Ra8 28.Nxb7 Raxa2 29.Rf1 Rd2 30.Nd8 Ra6 31.Nxe6 Kf7 32.d5 Ke7 33.Nf4 
Rda2 34.Re1+ Kf7 35.Bh3 Ra1 36.Be6+ Ke7 37.Rxa1 Rxa1+ 38.Kg2 Ra3 39.Nh5 
Rd3 40.Ng7 Kd8 41.Nf5 1-0

[Event "XXII Festival Conca della Presolana Magistrale"]
[Site "Bratto - Castione della Presolana ITA"]
[Date "2002.08.27"]
[Round "8"]
[White "Castaldo, Folco"]
[Black "Drazic, Sinisa"]
[Result "1/2-1/2"]
[WhiteElo "2319"]
[BlackElo "2486"]
[PlyCount "20"]
[EventDate "2002.08.20"]

1.Nf3 d6 2.d4 Bg4 3.c4 Bxf3 4.exf3 c6 5.Nc3 Nf6 6.d5 g6 7.Be2 Bg7 8.O-O 
O-O 9.f4 Nbd7 10.Bf3 cxd5 1/2-1/2

[Event "XXII Festival Conca della Presolana Magistrale"]
[Site "Bratto - Castione della Presolana ITA"]
[Date "2002.08.27"]
[Round "8"]
[White "Cebalo, Miso"]
[Black "Contin, Daniel"]
[Result "1/2-1/2"]
[WhiteElo "2548"]
[BlackElo "2334"]
[PlyCount "86"]
[EventDate "2002.08.20"]

1.d4 Nf6 2.c4 e6 3.Nf3 Bb4+ 4.Nbd2 b6 5.a3 Bxd2+ 6.Bxd2 Bb7 7.Bf4 d6 8.e3 
Nbd7 9.Be2 O-O 10.O-O Qe7 11.h3 a5 12.b3 Ne4 13.Qc2 e5 14.Bh2 Ng5 15.Nxg5 
Qxg5 16.d5 c5 17.f4 Qh6 18.Bd3 g6 19.Rf3 f5 20.fxe5 Nxe5 21.Bxe5 dxe5 22.
e4 f4 23.Be2 Bc8 24.Qc3 Qg5 25.Rb1 h5 26.Rd3 Ra7 27.Rf1 Rh7 28.b4 axb4 29.
axb4 Qf6 30.bxc5 bxc5 31.Qa5 g5 32.Qxc5 g4 33.d6 Bb7 34.d7 Rd8 35.Rd6 Qe7 
36.Rg6+ Kf7 37.Qxe7+ Kxe7 38.hxg4 Bxe4 39.Ra6 Rg7 40.Re1 Bb7 41.Rb6 Rxd7 
42.c5 Rc7 43.Bd3 Rxg4 1/2-1/2

[Event "XXII Festival Conca della Presolana Magistrale"]
[Site "Bratto - Castione della Presolana ITA"]
[Date "2002.08.27"]
[Round "8"]
[White "Ceresoli, Luigi"]
[Black "Lanzani, Mario"]
[Result "0-1"]
[WhiteElo "2204"]
[BlackElo "2349"]
[PlyCount "86"]
[EventDate "2002.08.20"]

1.e4 e5 2.Nf3 Nc6 3.Bb5 Nf6 4.O-O Nxe4 5.Re1 Nd6 6.Nxe5 Nxe5 7.Rxe5+ Be7 
8.Bd3 O-O 9.Nc3 Bf6 10.Re3 g6 11.Nd5 Bd4 12.Ne7+ Kg7 13.Re2 Re8 14.Nxc8 
Rxc8 15.c3 Bf6 16.Bc2 Rxe2 17.Qxe2 c5 18.d3 Qb6 19.Bf4 Re8 20.Qd2 Nf5 21.
Bb3 Qc6 22.Re1 Rxe1+ 23.Qxe1 d5 24.Be5 a5 25.f4 Qe6 26.Bxf6+ Kxf6 27.Qxe6+
fxe6 28.Kf2 h5 29.g3 b5 30.a4 b4 31.h3 Ne7 32.g4 hxg4 33.hxg4 g5 34.Kf3 
gxf4 35.cxb4 cxb4 36.Kxf4 Nc6 37.Bd1 e5+ 38.Ke3 Nd4 39.b3 Kg5 40.Bf3 Nxf3 
41.Kxf3 Kh4 42.d4 e4+ 43.Kf4 e3 0-1

[Event "XXII Festival Conca della Presolana Magistrale"]
[Site "Bratto - Castione della Presolana ITA"]
[Date "2002.08.27"]
[Round "8"]
[White "Cugini, Verter"]
[Black "Osuna Munoz, Xavier"]
[Result "1-0"]
[WhiteElo "2231"]
[BlackElo "2113"]
[PlyCount "119"]
[EventDate "2002.08.20"]

1.e4 c5 2.g3 g6 3.Bg2 Bg7 4.Ne2 Nc6 5.O-O d6 6.d3 Nf6 7.Nbc3 O-O 8.h3 Rb8 
9.a4 a6 10.Bg5 b5 11.axb5 axb5 12.Qd2 b4 13.Nd5 Re8 14.Nxf6+ exf6 15.Bh6 
Bh8 16.Nf4 Be6 17.Ra6 Ne5 18.Nxe6 fxe6 19.Be3 Qc7 20.f4 Nf7 21.Rfa1 e5 22.
Qd1 Bg7 23.Qb1 Rb7 24.Qa2 Bf8 25.Qd5 Kg7 26.h4 Qd7 27.f5 Rc7 28.Rf1 Ra7 
29.Rxa7 Qxa7 30.Bh3 Qa8 31.Qb3 Qa7 32.fxg6 hxg6 33.Be6 Nd8 34.Bd5 Qd7 35.
Kg2 Be7 36.c3 bxc3 37.bxc3 Qg4 38.Qd1 Qd7 39.h5 g5 40.h6+ Kh7 41.Qh5 Rf8 
42.Rh1 Ne6 43.Rb1 Nd8 44.Qf3 Rh8 45.Qh5 Rf8 46.Ra1 Qb5 47.Ra7 Qe8 48.Qh3 
Kg6 49.h7 Kg7 50.Bg8 Kh8 51.Bd5 Kg7 52.Qc8 Kxh7 53.Qc7 f5 54.Qxe7+ Qxe7 
55.Rxe7+ Kg6 56.exf5+ Kxf5 57.Rg7 Kf6 58.Rxg5 Nf7 59.Rh5 Kg6 60.Bxf7+ 1-0

[Event "XXII Festival Conca della Presolana Magistrale"]
[Site "Bratto - Castione della Presolana ITA"]
[Date "2002.08.27"]
[Round "8"]
[White "Del Dotto, Riccardo"]
[Black "Lovati, Paolo"]
[Result "0-1"]
[WhiteElo "2199"]
[BlackElo "2057"]
[PlyCount "62"]
[EventDate "2002.08.20"]

1.e4 e6 2.d3 d5 3.Nd2 Nf6 4.g3 dxe4 5.dxe4 Bc5 6.Bg2 Nc6 7.Ngf3 O-O 8.O-O 
e5 9.c3 a5 10.Qc2 Be6 11.Ng5 Bg4 12.Nc4 h6 13.Nf3 Re8 14.Be3 Bxe3 15.Nxe3 
Be6 16.Nh4 Ne7 17.Qe2 Ra6 18.f4 Nc8 19.f5 Bd7 20.Rfd1 Nd6 21.Qc2 Qe7 22.c4
Bc6 23.Nd5 Bxd5 24.exd5 Ng4 25.c5 Nb5 26.Qe2 Qxc5+ 27.Kh1 Nf2+ 28.Kg1 
Nxd1+ 29.Kh1 Nf2+ 30.Kg1 Nh3+ 31.Kh1 Ng5 0-1

[Event "XXII Festival Conca della Presolana Magistrale"]
[Site "Bratto - Castione della Presolana ITA"]
[Date "2002.08.27"]
[Round "8"]
[White "Del Giudice, Stefano"]
[Black "Bertazzo, Giorgio"]
[Result "1/2-1/2"]
[WhiteElo "2073"]
[BlackElo "2158"]
[PlyCount "43"]
[EventDate "2002.08.20"]

1.e4 c5 2.Nc3 Nc6 3.g3 d6 4.Bg2 g6 5.d3 Bg7 6.Be3 e5 7.Qd2 Be6 8.Nge2 Nd4 
9.O-O Qd7 10.f4 Ne7 11.Nd1 O-O 12.c3 Nxe2+ 13.Qxe2 Rac8 14.Qd2 d5 15.fxe5 
d4 16.Bf4 Nc6 17.c4 Nxe5 18.Nf2 b5 19.b3 Rb8 20.Rac1 bxc4 21.dxc4 Rbc8 22.
Nd3 1/2-1/2

[Event "XXII Festival Conca della Presolana Magistrale"]
[Site "Bratto - Castione della Presolana ITA"]
[Date "2002.08.27"]
[Round "8"]
[White "Epishin, Vladimir V."]
[Black "Romanishin, Oleg M."]
[Result "1-0"]
[WhiteElo "2643"]
[BlackElo "2559"]
[PlyCount "102"]
[EventDate "2002.08.20"]

1.d4 Nf6 2.c4 d6 3.Nc3 e5 4.dxe5 dxe5 5.Qxd8+ Kxd8 6.Nf3 Nbd7 7.Rg1 h6 8.
g4 e4 9.Nd4 Bb4 10.Bf4 g5 11.Bg3 h5 12.h4 gxh4 13.Bxh4 hxg4 14.Rxg4 Ke8 
15.Rf4 Bd6 16.Bxf6 Nxf6 17.Rxf6 Be5 18.Ndb5 a6 19.Nxc7+ Bxc7 20.Nd5 Bd8 
21.Rd6 Be6 22.Bg2 Rc8 23.Rd1 Rh4 24.b3 Rc6 25.Rxd8+ Kxd8 26.Nb4+ Ke7 27.
Nxc6+ bxc6 28.f3 Rh2 29.Kf2 exf3 30.Kxf3 c5 31.Rg1 a5 32.Ke3 Rh8 33.Be4 
Kd6 34.Rg5 Rh7 35.Kd3 Rh4 36.Bf3 a4 37.Rg8 axb3 38.axb3 Kc7 39.Ke3 Rd4 40.
Ra8 Rd1 41.Ra7+ Kd6 42.Ra6+ Ke7 43.Rc6 Rb1 44.Rxc5 Rxb3+ 45.Kd4 Rb2 46.
Rc7+ Kf6 47.Rb7 Rd2+ 48.Kc3 Rd1 49.c5 Ke5 50.Rb2 Bc8 51.Kb4 Bf5 {...} 1-0

[Event "XXII Festival Conca della Presolana Magistrale"]
[Site "Bratto - Castione della Presolana ITA"]
[Date "2002.08.27"]
[Round "8"]
[White "Giretti Kanev, Jasen"]
[Black "Popa, Claudiu"]
[Result "1/2-1/2"]
[WhiteElo "2193"]
[BlackElo "2081"]
[PlyCount "202"]
[EventDate "2002.08.20"]

1.Nf3 Nf6 2.g3 g6 3.Bg2 Bg7 4.d4 d5 5.O-O O-O 6.Bg5 c6 7.Nbd2 Nbd7 8.c4 
Re8 9.cxd5 cxd5 10.Qb3 Qb6 11.Rac1 Qxb3 12.Nxb3 Nf8 13.Ne5 Ne4 14.Be3 b6 
15.Rfe1 f6 16.Nd3 Bb7 17.Rc7 Rab8 18.Nd2 Ne6 19.Rd7 Nf8 20.Rc7 Ne6 21.Rxb7
Rxb7 22.Nxe4 dxe4 23.Bxe4 Rd7 24.Bc6 Red8 25.Bxd7 Rxd7 26.Rc1 Nxd4 27.Bxd4
Rxd4 28.Rc7 Ra4 29.a3 Kf7 30.Kf1 f5 31.Ke1 Ke6 32.Kd2 Kd6 33.Rb7 Bf6 34.f3
Kc6 35.Rb8 a5 36.e3 Kb5 37.h3 Ka6 38.Rc8 Kb5 39.Kc2 Rc4+ 40.Rxc4 Kxc4 41.
b3+ Kb5 42.a4+ Kc6 43.Ne1 Kc5 44.Nd3+ Kc6 45.b4 axb4 46.Kb3 Bc3 47.Kc4 Bd2
48.e4 fxe4 49.fxe4 b3 50.Kxb3 b5 51.Kc2 Ba5 52.axb5+ Kxb5 53.Nb2 Bc7 54.g4
Be5 55.Nd3 Bg7 56.Nf4 Kc4 57.Ne6 Be5 58.Kd2 h6 59.Ke3 g5 60.Kf3 Kb5 61.Nd8
Kc5 62.Ke3 Bb2 63.Kd3 Ba1 64.Nf7 Bg7 65.Ke3 Bd4+ 66.Ke2 Bg7 67.Kd3 Bf8 68.
Nd8 Kd6 69.Nb7+ Ke5 70.Nc5 Bg7 71.Ke3 Kd6 72.Nb3 Bh8 73.Kd2 Ke5 74.Ke3 Kd6
75.Kd3 Bg7 76.Nd2 Ke5 77.Ke3 Kd6 78.Nc4+ Kc5 79.Kd3 e6 80.Nd2 Kd6 81.Nf3 
Bh8 82.h4 gxh4 83.Nxh4 Bf6 84.Nf3 Bg5 85.Kd4 Bc1 86.e5+ Ke7 87.Ne1 Kf7 88.
Nd3 Ba3 89.Nc5 Bb2+ 90.Ke4 Ba3 91.Nd3 Kg6 92.Nf4+ Kf7 93.Ne2 Be7 94.Nd4 
Bh4 95.Nf3 Bd8 96.Kd4 Bb6+ 97.Kc4 Kg6 98.Kb5 Bc7 99.Kc6 Bxe5 100.Nxe5+ Kg5
101.Kd6 h5 1/2-1/2

[Event "XXII Festival Conca della Presolana Magistrale"]
[Site "Bratto - Castione della Presolana ITA"]
[Date "2002.08.27"]
[Round "8"]
[White "Isonzo, David"]
[Black "Bellini, Fabio"]
[Result "1/2-1/2"]
[WhiteElo "2337"]
[BlackElo "2500"]
[PlyCount "59"]
[EventDate "2002.08.20"]

1.e4 g6 2.d4 Bg7 3.Nc3 c6 4.Nf3 d5 5.h3 Nh6 6.exd5 cxd5 7.Bf4 O-O 8.Qd2 
Nf5 9.g4 Nd6 10.Bh6 Nc6 11.O-O-O Ne4 12.Nxe4 dxe4 13.Bxg7 Kxg7 14.Ng5 h6 
15.Nxe4 Qd5 16.Bg2 Qxa2 17.Nc3 Qa1+ 18.Nb1 e5 19.Bxc6 bxc6 20.Qc3 Be6 21.
b3 Qxc3 22.Nxc3 f5 23.f3 fxg4 24.fxg4 Rf3 25.Kb2 Rd8 26.dxe5 Rxd1 27.Nxd1 
g5 28.Rh2 h5 29.gxh5 Kh6 30.Rf2 1/2-1/2

[Event "XXII Festival Conca della Presolana Magistrale"]
[Site "Bratto - Castione della Presolana ITA"]
[Date "2002.08.27"]
[Round "8"]
[White "Lapiccirella, Daniele"]
[Black "Citti, Gianluca"]
[Result "1/2-1/2"]
[WhiteElo "2097"]
[BlackElo "2157"]
[PlyCount "38"]
[EventDate "2002.08.20"]

1.d4 Nf6 2.c4 c5 3.dxc5 e6 4.Nc3 Bxc5 5.Nf3 Nc6 6.e3 O-O 7.Be2 b6 8.a3 Re8
9.O-O Bb7 10.b4 Bf8 11.Bb2 d5 12.cxd5 Nxd5 13.Nxd5 Qxd5 14.Qxd5 exd5 15.
Rac1 Rac8 16.Rfd1 Red8 17.g3 Ne7 18.Nd4 Rxc1 19.Rxc1 Rc8 1/2-1/2

[Event "XXII Festival Conca della Presolana Magistrale"]
[Site "Bratto - Castione della Presolana ITA"]
[Date "2002.08.27"]
[Round "8"]
[White "Mantovani, Renzo"]
[Black "Schuurman, Petra"]
[Result "1-0"]
[WhiteElo "2369"]
[BlackElo "2272"]
[PlyCount "81"]
[EventDate "2002.08.20"]

1.Nf3 c5 2.e4 g6 3.d4 cxd4 4.Bc4 Bg7 5.c3 d3 6.Qb3 e6 7.Bf4 Nc6 8.Nbd2 
Nge7 9.Bd6 f5 10.Bxd3 O-O 11.h4 Re8 12.h5 b6 13.hxg6 hxg6 14.O-O-O Bb7 15.
exf5 gxf5 16.Nc4 Ng6 17.Kb1 Qf6 18.Ba3 Rad8 19.Nd6 Na5 20.Qc2 Nf4 21.Nxb7 
Nxb7 22.Bb5 Nc5 23.g4 fxg4 24.Nd4 Qg6 25.Rh4 Qxc2+ 26.Kxc2 Nh3 27.Rf1 a6 
28.Bc4 Kf7 29.Rxg4 Bf6 30.f4 d5 31.Be2 Rg8 32.Nc6 a5 33.Ne5+ Ke7 34.Nd3 
Rc8 35.Rh1 Rh8 36.Rg3 Nxf4 37.Rxh8 Nxe2 38.Rxc8 Nxg3 39.Nxc5 bxc5 40.Rxc5 
Ne4 41.Rxd5+ 1-0